000 01037nam a2200313 i 4500
001 67440
003 ES-MaACL
005 20250901102755.0
007 t|
008 040526s2002 sp |||| | spa d
020 _a84-493-0941-7
080 _a658.8:681.324
080 _a681.324 Internet:33
080 _a338.467.6
100 1 _aRifkin, Jeremy.
_997184
245 1 3 _aLa era del acceso
_b: la revolución de la nueva economía /
_cJeremy Rifkin ; [traducción de J. Francisco Alvarez y David Teira].
260 _aBarcelona :
_bPaidós Ibérica,
_c[2002]
300 _a366 p. ;
_c24 cm.
490 1 _aPaidós estado y sociedad ;
_v83
504 _aBibliografía: p. [337]-351.
650 1 7 _aComercio electrónico
_2embne
_911167
650 1 4 _aInternet-
_xAspectos económicos.
_913874
650 1 4 _aIndustria cultural.
_913721
700 1 _aAlvarez, José F.
_920647
700 1 _aTeira, David.
_9109525
830 0 _aPaidós estado y sociedad ;
_v83
_9178635
852 _aES-MaACL
_jL-27648
999 _c67440
_d67440